|
|
|
|
| LEADER |
01033nam a2200361 4500 |
| 001 |
DLU030025497 |
| 005 |
##20000324144529.0 |
| 008 |
##810622s1981 nyu b 001 0 eng |
| 010 |
# |
# |
|a 81009054
|
| 020 |
# |
# |
|a 0387906177
|
| 035 |
# |
# |
|9 (DLC) 81009054
|
| 040 |
# |
# |
|a DLC
|c DLC
|d DLC
|
| 041 |
# |
# |
|a engger
|
| 050 |
# |
# |
|a QA333
|b .F6713
|
| 082 |
# |
# |
|a 515.223
|f O-O
|
| 100 |
# |
# |
|a Forster, Otto,
|d 1937-
|
| 240 |
# |
# |
|a Riemannsche Flachen.
|l English
|
| 245 |
# |
# |
|a Lectures on Riemann surfaces /
|c Otto Forster ; translated by Bruce Gilligan.
|
| 260 |
# |
# |
|a New York :
|b Springer-Verlag,
|c c1981.
|
| 300 |
# |
# |
|a viii, 254 p. ;
|c 25 cm.
|
| 440 |
# |
# |
|a Graduate texts in mathematics ;
|v 81
|
| 500 |
# |
# |
|a Includes index.
|
| 500 |
# |
# |
|a Translation of: Riemannsche Flachen.
|
| 504 |
# |
# |
|a Bibliography: p. 243-245.
|
| 650 |
# |
# |
|a Riemann surfaces.
|
| 994 |
# |
# |
|a DLU
|
| 900 |
# |
# |
|a True
|
| 911 |
# |
# |
|a Lê Thị Mạnh Xuân
|
| 925 |
# |
# |
|a G
|
| 926 |
# |
# |
|a A
|
| 927 |
# |
# |
|a SH
|
| 980 |
# |
# |
|a Thư viện Trường Đại học Đà Lạt
|